000 00377nam a2200133Ia 4500
005 20260328104310.0
008 260328s9999||||xx |||||||||||||| ||und||
100 _aOttaviano, Luigi
245 0 _aArquitectura Y Mayeútica :
_b un escenario posible para la contemporaneidad /
_cLuigi Ottaviano
260 _bVeritas
300 _a123 p.
650 _aARQUITECTURA
942 _cBK
999 _c10920
_d10920